On the use of convex underestimators in global optimization /

Guardado en:
Autor Principal: Skjäl, Anders.
Formato: Libro
Idioma:English
Publicado: Åbo : Finland, 2014.
Acceso en línea:PDF
Etiquetas: Agregar Etiqueta
Sin Etiquetas, Sea el primero en etiquetar este registro!
LEADER 00839nam a22002175a 4500
001 MAT.inmabb006898
008 151013s2014####fi#a#####b####000#0#eng#d
005 20170712152619.0
245 1 0 |a On the use of convex underestimators in global optimization /  |c Anders Skjäl. 
260 |a Åbo :  |b Finland,  |c 2014. 
300 |a 1 v. (varias paginaciones) :  |b il. ;  |c 25 cm. 
502 |a Tesis (PhD)--Department of Natural Sciences, Åbo Akademi University, 2014. 
546 |a Resumen en sueco. 
500 |a Contiene cinco artículos publicados previamente por el autor. 
504 |a Incluye referencias bibliográficas. 
020 |a 9789521230189 
100 1 |a Skjäl, Anders. 
084 |a 90C26  |2 msc2000 
041 1 |a eng  |b swe 
856 |u http://web.abo.fi/fak/tkf/at/ose/doc/Theses/AndersSkjal.pdf  |y PDF 
859 |h 90  |i Sk628  |p A-8920  |b BIB. MATEMATICA